01572nam a2200361 i 4500003000900000005001700009007000300026008004100029020001800070040003000088041000800118082002500126245013700151250002500288264004400313300002800357336002700385337003300412338002800445490002400473590002700497650003800524650004600562650004400608700004800652700004000700910000700740942001400747952014000761952014600901952014601047999001701193DO-SdBNP20250410133019.0ta240701s2023 dr c 000 0 spa d a9789945223255 aDO-SdBNPbspacBNPHUerda aspa 4aRD861.508bA634v22200aAntología voces eternas :bAcademia de Comunidad Poética /ccuidado de edición, Adrián R. Morales G. ; prólogo, Leibi Ng. aSegunda convocatoria 1aSanto Domingo :bEditora Búho,c2023. a138 páginas ;c23 cm. 2rdacontentatextobtxt 2rdamediaasin mediaciónbn 2rdacarrieravolumenbnc0 aComunidad poética aInventariado, 2024/ YL 4aPoesía dominicanavColecciones  4aLiteratura dominicanavColecciones 97123 4aPoesía dominicanaxAntología9859131 aMorales G., Adrián R.eeditor4ed.9859141 aNg, Leibieprologuista 4pr.985783 aYL 2ddccLBS1 00102ddc51708PDaBNPHUbBNPHUcHDd2024-05-15eDeposito Legall0oBNPHU PD RD861.508 A634vp2024-3981r2024-07-01w2024-07-01yLBS1 00102ddc51708PDaBNPHUbBNPHUcHDd2024-05-15eDeposito Legall0oBNPHU PD RD861.508 A634vp2024-3982r2024-07-01te. 2w2024-07-01yLBS1 00102ddc56708DSaBNPHUbBNPHUcHDd2024-05-15eDeposito Legall0oBNPHU DS RD861.508 A634vp2024-3983r2024-07-01te. 3w2024-07-01yLBS1 c57100d57100